[Event "FRA-ch"]
[Site "Nantes"]
[Date "1993.??.??"]
[Round "7"]
[White "Apicella, Manuel"]
[Black "Chabanon, Jean Luc"]
[Result "1/2-1/2"]
[WhiteElo "2475"]
[BlackElo "2415"]

1.e4 d6 2.d4 Nf6 3.Nc3 e5 4.Nf3 Nbd7 5.Bc4 Be7 6.O-O O-O 7.Re1 c6 8.a4 b6
9.h3 Bb7 10.Bg5 a6 11.Bxf6 Bxf6 12.d5 c5 13.Qd3 Bg5 14.g3 Bh6 15.Kg2 g6 16.h4 Bc8
17.h5 Nf6 18.hxg6 fxg6 19.Rh1 Nh5 20.Raf1 Ra7 21.Qd1 Raf7 22.Be2 Kg7 23.Nh2 Qg5
24.Ng4 Kh8 25.Rh2 Bg7 26.f3 Bxg4 27.fxg4 Rxf1 28.Bxf1 Nxg3 29.Kxg3 Qe3+ 30.Kg2 Qf2+
31.Kh1 Qxf1+ 32.Qxf1 Rxf1+ 33.Kg2 Rc1 34.Kf3 Bf6 35.b3 Bg5 36.Na2 Rf1+ 37.Rf2 Re1
38.Re2 Ra1 39.Nc3 Kg7 40.Kg2 Bf4 41.Rf2 Kf6 42.Ne2 Rd1 43.Nxf4 exf4 44.Rxf4+ Ke5
45.Rf7 Kxe4 46.c4 Rd3 47.Rxh7 Rxb3 48.Rg7 b5 49.axb5 axb5 50.cxb5 Rb2+ 51.Kg3 Kxd5
52.Rxg6 Rxb5 53.Kf4 Rb3 54.g5 c4 55.Rg8 Rb1 56.g6 Rf1+ 57.Kg5 Kd4 58.Rc8 d5
59.g7 Rg1+ 60.Kf6 Kc3 61.g8=Q Rxg8 62.Rxg8 d4  1/2-1/2

[Event "New York Marshall"]
[Site "New York"]
[Date "1993.??.??"]
[Round "?"]
[White "Waitzkin, Joshua"]
[Black "Shirazi, Kamran G"]
[Result "1-0"]
[WhiteElo "2345"]
[BlackElo "2460"]

1.e4 d6 2.d4 Nf6 3.Nc3 e5 4.Nf3 Nbd7 5.Bc4 Be7 6.O-O O-O 7.Re1 c6 8.a4 a5
9.h3 Ne8 10.Be3 Bf6 11.Qd2 h6 12.Rad1 Qe7 13.Ne2 exd4 14.Nexd4 Nc5 15.Nf5 Qxe4
16.Bxf7+ Kxf7 17.Nxd6+ Nxd6 18.Bxc5 Qxa4 19.Qxd6 Bf5 20.Qc7+ Kg8 21.Bxf8 Rxf8
22.Qxb7 Bxc2 23.Ra1 Qb5 24.Qxb5 cxb5 25.Rxa5 b4 26.Ne5 b3 27.Rea1 g5 28.Rb5 Bg7
29.g3 Re8 30.f4 gxf4 31.gxf4 Rf8 32.Rf1 Rd8 33.Rf2 Kf8 34.Rb7 Rd1+ 35.Rf1 Rd2
36.Ra1 Rd8 37.Raa7  1-0

[Event "New York op"]
[Site "New York"]
[Date "1993.??.??"]
[Round "6"]
[White "Giorgadze, Giorgi"]
[Black "Epishin, Vladimir"]
[Result "0-1"]
[WhiteElo "2540"]
[BlackElo "2620"]

1.d4 d6 2.e4 Nf6 3.Nc3 e5 4.dxe5 dxe5 5.Qxd8+ Kxd8 6.Bg5 Be6 7.Nf3 Nd7 8.Nd5 Bxd5
9.exd5 Bd6 10.g3 h6 11.Bxf6+ Nxf6 12.Bg2 Re8 13.Nd2 e4 14.O-O-O Bc5 15.Rhf1 Kd7
16.Rde1 e3 17.fxe3 Bxe3 18.Bh3+ Kd8 19.Re2 Bg5 20.Rxe8+ Kxe8 21.Re1+ Kf8
22.c4 b5 23.cxb5 Rd8 24.Bg2 Nxd5 25.Re2 Nb4 26.a3 Nd3+ 27.Kc2 Nxb2 28.Kxb2 Bxd2
29.Kb3 Ba5 30.Kc4 Rd1 31.Bc6 g6 32.Re3 Bb6 33.Rd3 Rc1+ 34.Rc3 Ra1 35.g4 Ke7
36.Rf3 Rc1+ 37.Kb3 Rc5 38.h4 a5 39.a4 f5 40.gxf5 gxf5 41.Re3+ Kf6 42.Re8 Rc1
43.Rf8+ Ke5 44.Re8+ Kf4 45.Rh8 Rb1+ 46.Kc2 Rb4 47.Rxh6 Rxa4 48.Rh7 Ke5 49.Bd7 Rf4
50.Re7+ Kd6 51.Rf7 a4 52.h5 Be3 53.Bxf5 Rf2+ 54.Kc3 a3 55.Rd7+ Ke5 56.Bb1 a2
57.Bxa2 Rxa2  0-1

[Event "New York op"]
[Site "New York"]
[Date "1993.??.??"]
[Round "6"]
[White "Floreen, David"]
[Black "Urday, Henry"]
[Result "1/2-1/2"]
[WhiteElo "2330"]
[BlackElo "2465"]

1.d4 d6 2.e4 Nf6 3.Nc3 c6 4.f3 Nbd7 5.Be3 e5 6.Qd2 Qc7 7.g4 h6 8.O-O-O b5
9.Nge2 Nb6 10.Ng3 g6 11.g5 hxg5 12.Bxg5 Be7 13.f4 Bg4 14.fxe5 dxe5 15.Qf2 Nh5
16.Bxe7 Qxe7 17.Nxh5 Rxh5 18.Be2 Bxe2 19.Nxe2 O-O-O 20.Ng3 Rhh8 21.Kb1 exd4
22.Rxd4 Rxd4 23.Qxd4 Rd8 24.Qc3 Kb7 25.b3 Rd6 26.h4 Qd8 27.Kb2 Rd1 28.Rxd1 Qxd1
29.Qf6 Qd7 30.h5  1/2-1/2

[Event "New York op"]
[Site "New York"]
[Date "1993.??.??"]
[Round "8"]
[White "Rigo, Janos"]
[Black "Shirazi, Kamran G"]
[Result "0-1"]
[WhiteElo "2355"]
[BlackElo "2460"]

1.e4 d6 2.d4 Nf6 3.Nc3 e5 4.dxe5 dxe5 5.Qxd8+ Kxd8 6.Bg5 Be6 7.O-O-O+ Nd7
8.Nd5 Kc8 9.f3 c6 10.Ne3 Bc5 11.Nc4 b5 12.Na5 Kc7 13.Nb3 Bb6 14.Bd3 a5 15.Kb1 Ne8
16.Ne2 f6 17.Bc1 Nd6 18.Ng3 h5 19.Nf5 Bxf5 20.exf5 a4 21.Nd2 Nc5 22.Be4 a3
23.b3 Ncxe4 24.fxe4 b4 25.Rde1 Nb5 26.c4 Nc3+ 27.Kc2 Bf2 28.Ref1 Bc5 29.Rf3 Nxa2  0-1

[Event "Baden-Niedersachsen"]
[Site "Niedersachsen"]
[Date "1993.??.??"]
[Round "?"]
[White "Bode, Wilfried"]
[Black "Schmidt Schaeffer, Sebastian"]
[Result "1/2-1/2"]
[WhiteElo "2370"]
[BlackElo "2275"]

1.e4 d6 2.d4 Nf6 3.Nc3 e5 4.Nf3 Nbd7 5.Bc4 Be7 6.O-O O-O 7.Re1 c6 8.a4 b6
9.d5 cxd5 10.Bxd5 Rb8 11.b3 a6 12.Ba3 b5 13.axb5 axb5 14.Bb4 Qc7 15.Ra5 Nc5
16.Nxb5 Qb6 17.c4 Nxd5 18.exd5 Bd7 19.Ra7 Nb7 20.Ra4 Bxb5 21.cxb5 Rfe8 22.Nd2 Qxb5
23.Nc4 Bf8 24.Ba3 g6 25.h4 Qd7 26.g3 Qc7 27.Ra6 Ra8 28.Rc6 Qd8 29.Bb4 Ra2
30.Re2 Ra7 31.Kg2 Qb8 32.Qd3 Qd8 33.Qe3 Nc5 34.Bxc5 dxc5 35.Qd3 Rd7 36.d6 Qa8
37.Qd5 Rc8 38.Rxc5 Qxd5+ 39.Rxd5 Rb8 40.Re3 f6 41.g4 Kf7 42.Kf3 Ke6 43.Ra5 Bxd6
44.Ra6 Ke7 45.Rd3  1/2-1/2

[Event "Nikolaev zt"]
[Site "Nikolaev"]
[Date "1993.??.??"]
[Round "?"]
[White "Nevednichy, Vladislav"]
[Black "Bologan, Viktor"]
[Result "1/2-1/2"]
[WhiteElo "2495"]
[BlackElo "2520"]

1.e4 d6 2.d4 Nf6 3.Nc3 e5 4.Nf3 Nbd7 5.Bc4 Be7 6.O-O O-O 7.Re1 c6 8.a4 a5
9.h3 Re8 10.Ng5 Rf8 11.Nf3 Re8 12.Ng5 Rf8 13.Nf3  1/2-1/2

[Event "Nis op"]
[Site "Nis"]
[Date "1993.??.??"]
[Round "?"]
[White "Maksimovic, Suzana"]
[Black "Velickovic, Sasa"]
[Result "1-0"]
[WhiteElo "2280"]
[BlackElo "2375"]

1.d4 d6 2.e4 Nf6 3.Nc3 e5 4.dxe5 dxe5 5.Qxd8+ Kxd8 6.Nf3 Bd6 7.Bg5 c6 8.Nd2 Be6
9.Nc4 Bc7 10.O-O-O+ Ke7 11.f4 Nd7 12.f5 Bxc4 13.Bxc4 Rad8 14.g4 Nc5 15.b4 Rxd1+
16.Rxd1 Nd7 17.Ne2 Nb6 18.Bb3 Rd8 19.Ng3 Rxd1+ 20.Kxd1 Nd7 21.h3 Bd6 22.Bd2 Ne8
23.g5 Kf8 24.Ke2 Nc7 25.a4 Na6 26.c3 Nb6 27.a5 Nd7 28.h4 Nc7 29.h5 b6 30.axb6 axb6
31.g6 hxg6 32.fxg6 fxg6 33.hxg6 Ne8 34.Nf5 Ndf6 35.Kd3 Bc7 36.Be3 Nd7 37.Be6 Ndf6
38.Bf7 Nh5 39.c4 Nef6 40.c5 b5 41.Bg5 Nf4+ 42.Ke3 N4h5 43.Kf3 Bb8 44.Be6 Nf4
45.Bxf4 exf4 46.Nd4 Be5 47.Nxc6 Bc3 48.Kxf4 Ne8 49.e5 Nc7 50.Bf7 Na6 51.Ke4 Nxb4
52.Na7 Na6 53.Kd5 Bb4 54.c6 Nc7+ 55.Kd4 Ba3 56.Nc8 Bb2+ 57.Ke3 Bc3 58.Nd6 Ke7
59.Nf5+ Kf8 60.Nd6 Ke7 61.Nf5+ Kf8 62.Nd4 Ke7 63.Kd3 Bb4 64.Bb3 Ba5 65.Bf7 Bb4
66.Kc2 Ba5 67.Kb3 Be1 68.Nf3 Ba5 69.Nd4 Be1 70.Nf5+ Kf8 71.e6  1-0

[Event "Nis op"]
[Site "Nis"]
[Date "1993.??.??"]
[Round "?"]
[White "Ivanisevic, Dusko"]
[Black "Kostic, Nebojsa"]
[Result "0-1"]
[WhiteElo "2255"]
[BlackElo "2405"]

1.e4 d6 2.d4 Nf6 3.Nc3 c6 4.f4 Qa5 5.Bd3 Bg4 6.Be2 Bxe2 7.Qxe2 d5 8.Bd2 dxe4
9.Nxe4 Qd5 10.Nxf6+ gxf6 11.Nf3 Nd7 12.O-O f5 13.c4 Qe4 14.Qxe4 fxe4 15.Nh4 Rg8
16.Rfe1 Rg4 17.g3 Rxh4 18.gxh4 f5 19.Kf2 Nf6 20.Rg1 Bh6 21.Ke2 Kf7 22.h3 e6
23.Be3 Nh5 24.Raf1 a5 25.Kd2 Rd8 26.Kc2 a4 27.Rg2 Ke7 28.b4 b5 29.c5 a3 30.Rg5 Nf6
31.Rb1 Kf7 32.Rb3 Ra8 33.Kd2 Bxg5 34.hxg5 Nd5 35.Ke2 Ra4 36.Bd2 Kg6 37.Kf2 e3+
38.Bxe3 Nxb4 39.Bc1 Nd5 40.Rxa3 Rxa3 41.Bxa3 Nxf4 42.h4 Kh5 43.Kf3 Nd3 44.Ke3 b4
45.Kxd3 bxa3 46.Ke3 Kg4  0-1

[Event "Nis op"]
[Site "Nis"]
[Date "1993.??.??"]
[Round "?"]
[White "Zakic, Srdjan"]
[Black "Jovic, Stanoje"]
[Result "1-0"]
[WhiteElo "2360"]
[BlackElo "2270"]

1.e4 d6 2.d4 Nf6 3.Nc3 c6 4.Be3 Qa5 5.Qd2 e5 6.h3 Be7 7.Nf3 O-O 8.Bd3 Re8
9.O-O Qc7 10.a4 a5 11.dxe5 dxe5 12.Bc4 Rd8 13.Qe2 h6 14.Nh4 Na6 15.Rad1 Rxd1
16.Rxd1 Nc5 17.Bxf7+ Kxf7 18.Bxc5 Be6 19.Qe3 Rd8 20.Bxe7 Qxe7 21.Rxd8 Qxd8
22.Nf3 Nd7 23.Ne2 Qe7 24.Kh2 Qb4 25.Nxe5+  1-0

[Event "Novosibirsk"]
[Site "Novosibirsk"]
[Date "1993.??.??"]
[Round "4"]
[White "Vaisser, Anatoli"]
[Black "Epishin, Vladimir"]
[Result "1-0"]
[WhiteElo "2555"]
[BlackElo "2620"]

1.d4 d6 2.e4 Nf6 3.Nc3 e5 4.dxe5 dxe5 5.Qxd8+ Kxd8 6.Bc4 Be6 7.Bxe6 fxe6
8.f3 Bc5 9.Na4 Bd6 10.Be3 Nfd7 11.Nh3 Ke7 12.Nf2 Nc6 13.Nd3 Nb4 14.Nxb4 Bxb4+
15.Ke2 b5 16.a3 Bd6 17.Nc3 a6 18.a4 c6 19.Rhd1 Rad8 20.Rd3 h6 21.b3 Bb4 22.Na2 Ba5
23.b4 Bc7 24.Rc3 Bb6 25.Rxc6 Bxe3 26.Kxe3 Rc8 27.Rxc8 Rxc8 28.Kd3 Nb6 29.axb5 Rd8+
30.Ke2 axb5 31.Nc1 Rc8 32.Ra2 Na4 33.Kd2 g5 34.Nd3 Kf6 35.Ra3 Rd8 36.Ke3 Rc8
37.Kd2 h5 38.h3 Rc4 39.Ra1 Rc8 40.Rh1 Rg8 41.Ra1 Rc8 42.Ra3 Rc7 43.c3 g4
44.fxg4 hxg4 45.h4 Rc4 46.Nf2 g3 47.Ng4+ Kg7 48.Kd3 Nb2+ 49.Ke3 Nd1+ 50.Kf3 Nxc3
51.Ra7+ Kf8 52.Nxe5 Rxb4 53.h5 Nxe4 54.h6 Ng5+ 55.Kxg3 Re4 56.Nd7+  1-0

[Event "Oakham"]
[Site "Oakham"]
[Date "1993.??.??"]
[Round "1"]
[White "Karolyi, Tibor Jr"]
[Black "Collinson, Adam"]
[Result "1-0"]
[WhiteElo "2370"]
[BlackElo "2350"]

1.d4 d6 2.e4 Nf6 3.Nc3 e5 4.Nf3 Nbd7 5.Bc4 Be7 6.O-O O-O 7.Re1 c6 8.a4 b6
9.d5 Bb7 10.dxc6 Bxc6 11.Bg5 Qc7 12.Bxf6 Nxf6 13.Qd3 Rac8 14.Nd2 Rfd8 15.b3 Bb7
16.Nf1 Qc5 17.Ne3 a6 18.Ncd5 Bxd5 19.Bxd5 a5 20.Bc4 g6 21.Qe2 Nh5 22.Qf3 Rf8
23.Rad1 Nf4 24.g3 Ne6 25.c3 Kg7 26.Rd5 Qc7 27.Rb5 Rb8 28.Rd5 Ng5 29.Qg2 Kh8
30.h4 Ne6 31.Rd2 Nc5 32.Red1 Rbd8 33.Qf3 Qb7 34.Bd5 Qd7 35.h5 Qh3 36.hxg6 fxg6
37.Qg4 Qxg4 38.Nxg4 Bg5 39.Rc2 Kg7 40.Kg2 Rb8 41.Nh2 Bd8 42.b4 Nxa4 43.Bb3 b5
44.Rxd6 axb4 45.cxb4 Rb7 46.Ng4 Be7 47.Rdc6 Bxb4 48.Rc7+ Rxc7 49.Rxc7+ Kh8
50.Nxe5 Ba5 51.Rb7 Nc5 52.Rxb5 Nxb3 53.Rxb3 Bc7 54.Nc4 Re8 55.Rb7 Re7 56.f4 Kg7
57.g4 Bd8 58.Rxe7+ Bxe7 59.Kf3 h5 60.g5 Bd8 61.Ne3 Kf7 62.Ng2 Be7 63.e5 Bb4
64.Ke4 Bd2 65.Nh4 Bc1 66.Ng2 Ke6 67.Nh4 Kf7 68.f5 gxf5+ 69.Kxf5 Ba3 70.Ng2 Bb2
71.e6+ Ke8 72.Nf4 h4 73.Kg4 Bc1 74.g6  1-0

[Event "Oberwart op"]
[Site "Oberwart"]
[Date "1993.??.??"]
[Round "9"]
[White "Freitag, Manfred"]
[Black "Kiss, Attila"]
[Result "0-1"]
[WhiteElo "2275"]
[BlackElo "2345"]

1.d4 d6 2.e4 Nf6 3.Nc3 Nbd7 4.f4 e5 5.Nf3 exd4 6.Qxd4 g6 7.Bc4 Nb6 8.Be2 Bg7
9.O-O O-O 10.Qf2 Qe7 11.Qh4 Bg4 12.a4 a5 13.Bd2 Rfe8 14.Rae1 c6 15.f5 Bxf3
16.Bxf3 Nfd7 17.Qh3 Nc4 18.Bc1 d5 19.g4 g5 20.Kh1 h6 21.Be2 Qc5 22.exd5 cxd5
23.Qd3 Nf6 24.Bf3 Ne5 25.Rxe5 Rxe5 26.h4 Rae8 27.hxg5 hxg5 28.Bxg5 Ne4 29.Bf4 Nf2+
30.Rxf2 Qxf2 31.Bxe5 Rxe5 32.Bg2 Re1+  0-1

[Event "Odense"]
[Site "Odense"]
[Date "1993.??.??"]
[Round "8"]
[White "Plachetka, Jan"]
[Black "Pedersen, Steffen"]
[Result "1-0"]
[WhiteElo "2450"]
[BlackElo "2385"]

1.e4 d6 2.d4 Nf6 3.Nc3 e5 4.Nf3 Nbd7 5.Bc4 Be7 6.O-O O-O 7.Re1 c6 8.a4 a5
9.h3 h6 10.Ba2 Re8 11.Be3 Bf8 12.dxe5 dxe5 13.Nd2 Bb4 14.Qf3 Nf8 15.Nc4 Be6
16.Red1 Qe7 17.Ne2 Rad8 18.Rxd8 Rxd8 19.Ng3 Ng6 20.Bb6 Ra8 21.Nf5 Bxf5 22.exf5 Nh4
23.Qg3 Nxf5 24.Qxe5 Qd7 25.c3 Re8 26.Qc7 Qxc7 27.Bxc7 Bc5 28.g4 Nd5 29.Bh2 Nh4
30.Bg3 g5 31.Kf1 Nf4 32.Nxa5 Ba7 33.Bxf4 gxf4 34.Re1 Rd8 35.Nb3 Rd7 36.Bb1 Kg7
37.Be4 f3 38.Nd4 Bxd4 39.Rd1 c5 40.cxd4  1-0

[Event "Odorheiu Secuiesc op"]
[Site "Odorheiu Secuiesc"]
[Date "1993.??.??"]
[Round "2"]
[White "Stefanov, Parik"]
[Black "Ciobanu, Aurelian"]
[Result "1/2-1/2"]
[WhiteElo "2355"]
[BlackElo "2265"]

1.e4 d6 2.d4 Nf6 3.Nc3 c6 4.a4 g6 5.g3 Bg7 6.Bg2 O-O 7.Nge2 Qc7 8.a5 Nbd7
9.O-O e5 10.h3 Re8 11.Be3 exd4 12.Bxd4 Nc5 13.f3 Ne6 14.Bf2 Nd7 15.Re1 Ne5
16.b3 Ng5 17.Nd4 Nxh3+ 18.Bxh3 Bxh3 19.g4 h5 20.gxh5 gxh5 21.Kh1 Ng6 22.Qd2 h4
23.Rg1 Qd7 24.f4 c5 25.Nf3 Bg2+ 26.Rxg2 Qh3+ 27.Nh2 Bxc3 28.Qd5 Kg7 29.Rag1 Re6
30.f5 Rf6 31.fxg6 fxg6 32.Qd3 Qe6 33.Ng4 h3 34.Rg3 h2 35.R1g2 Raf8 36.Nxf6 Qxf6
37.Rxg6+ Qxg6 38.Rxg6+  1/2-1/2

[Event "Odorheiu Secuiesc-B"]
[Site "Odorheiu Secuiesc"]
[Date "1993.??.??"]
[Round "3"]
[White "Potterat, Marc"]
[Black "Iordachescu, Viorel"]
[Result "1/2-1/2"]
[WhiteElo "2185"]
[BlackElo "2375"]

1.d4 Nf6 2.Nc3 d6 3.e4 c6 4.Be2 g6 5.h4 b5 6.a3 h5 7.Bg5 Bg7 8.Qd2 Nbd7 9.f4 Nb6
10.e5 Ng4 11.d5 dxe5 12.fxe5 Nxe5 13.dxc6 Qxd2+ 14.Bxd2 a6 15.O-O-O Nxc6
16.Be3 Nc4 17.Bxc4 bxc4 18.Nd5 O-O 19.Nb6 Rb8 20.Nxc4 Be6 21.Nb6 Rxb6 22.Bxb6 Rb8
23.Be3 Bxb2+ 24.Kd2 Rd8+ 25.Ke1 Bc3+ 26.Bd2 Nd4 27.Nf3 Nxc2+ 28.Kf2 Bxd2
29.Rxd2 Rxd2+ 30.Nxd2 Nxa3 31.Ra1 Nc4 32.Ne4 a5 33.Nc5 Bd5 34.Nb3 Ne5 35.Nxa5 Ng4+
36.Kg1 f5 37.Rc1 Kf7 38.Nc4 f4 39.Nb6 Be4 40.Rc4 Nf6 41.Nc8 Bf5 42.Nb6 Ne4
43.Nd5 e5 44.Rc6 Ng3 45.Rf6+ Kg7 46.Ra6 Kf7 47.Rf6+ Ke8 48.Ra6 Ne4 49.Ra7 Bd7
50.Kh2 Nc5 51.Rc7 Ne6 52.Ra7 Nf8 53.Nb4 Bf5 54.Nc6 Nd7 55.Kg1 e4 56.Kf2 Nf6
57.Nd4 Bg4 58.Ra6 Kf7 59.Ra7+ Kf8 60.Nc6 e3+ 61.Ke1 Ne4 62.Ne5 Bf5 63.Nd3 Ng3
64.Nxf4 Be4 65.Ra3 Nf5 66.Ra4 Ng3 67.Ne2 Nxe2 68.Rxe4 Ng3 69.Rxe3 Nf5 70.Rf3 Kg7
71.g3 Kf6 72.Kf2 g5 73.hxg5+ Kxg5 74.Ra3 h4 75.gxh4+ Nxh4 76.Ra5+ Kf4 77.Ra4+ Kg5
78.Ke3  1/2-1/2

[Event "Odorheiu Secuiesc op"]
[Site "Odorheiu Secuiesc"]
[Date "1993.??.??"]
[Round "3"]
[White "Ionescu, Doru Alexandru"]
[Black "Nevednichy, Boris M"]
[Result "1/2-1/2"]
[WhiteElo "2225"]
[BlackElo "2330"]

1.e4 d6 2.d4 Nf6 3.Nc3 e5 4.Nf3 Nbd7 5.Bc4 Be7 6.O-O O-O 7.Qe2 c6 8.a4 a5
9.h3 exd4 10.Nxd4 Re8 11.Ba2 Bf8 12.Qf3 Ne5 13.Qd1 Qb6 14.Rb1 Bxh3 15.Be3 Bc8
16.Ne6 c5 17.Nxf8 Rxf8 18.Bg5 Neg4 19.Nd5 Nxd5 20.Bxd5 Qc7 21.f3 h6 22.Bf4 Ne5
23.Qd2 Be6 24.Bxe6 fxe6 25.Bxe5 dxe5 26.Qc3 Rfd8 27.Qc4 Qc6 28.c3 Rd2 29.Rbd1 Rad8
30.Rxd2 Rxd2 31.Rf2 Rd6 32.b3 Kh7 33.Qe2 Qd7 34.f4 Rd1+ 35.Kh2 exf4 36.Rxf4 Rd2
37.Qh5 Qc7 38.e5 Rd5 39.Re4 Qe7 40.Rg4 Qf6 41.Re4 Qf1 42.Rg4 Qf5 43.Qxf5+ exf5
44.Rg3 Rxe5 45.Rd3 c4 46.bxc4 Rc5 47.Rd4 Kg6 48.Kg3 Kf6 49.Kf4 Re5 50.Kf3 g5
51.Rd6+ Re6 52.Rd5 Rc6 53.Rxa5 Rxc4 54.Rb5 Rxc3+ 55.Kf2 Rc2+ 56.Kg3 f4+ 57.Kf3 Rc3+
58.Kf2 Ra3 59.Rb6+ Kf5 60.Rxh6 Rxa4 61.Rb6 Kg4 62.Rxb7 Ra2+ 63.Kg1 Kh4 64.Rh7+ Kg4
65.Rb7 Kh5 66.Rb5 Kh4 67.Rb4 Ra3 68.Kf2 Kg4 69.Rb7 Kf5 70.Rf7+ Kg6 71.Rf8 Kg7
72.Rb8 Ra2+ 73.Kf3 Ra3+ 74.Kf2 Kg6 75.Rg8+ Kf5 76.Rf8+ Kg4 77.Rb8 Ra2+ 78.Kg1 Re2
79.Kf1 Re5 80.Rb3 Re3 81.Rb5 Kh4 82.Kf2 Ra3 83.Rb4 Ra2+ 84.Kg1 Ra6 85.Kf2 Rf6
86.g3+ Kh3 87.gxf4 g4 88.Kg1 Kg3 89.Rb3+ Kxf4 90.Kg2 Rc6 91.Rb4+ Kg5 92.Rb2 Kh4
93.Ra2 Rc3 94.Rb2 Ra3 95.Rc2  1/2-1/2

[Event "Odorheiu Secuiesc op"]
[Site "Odorheiu Secuiesc"]
[Date "1993.??.??"]
[Round "4"]
[White "Dodu, Petre"]
[Black "Helmer, Janos"]
[Result "1-0"]
[WhiteElo "2295"]
[BlackElo "2225"]

1.e4 d6 2.d4 Nf6 3.Nc3 c6 4.a4 Qa5 5.Bd2 e5 6.dxe5 dxe5 7.Nf3 Bg4 8.h3 Bxf3
9.Qxf3 Bb4 10.Bc4 Nbd7 11.g4 O-O 12.h4 Ne8 13.Rd1 Nd6 14.Ba2 Nc5 15.h5 Qd8
16.Nb1 Bxd2+ 17.Nxd2 Qf6 18.Qe3 Ne6 19.Nf3 Nf4 20.Rg1 h6 21.g5 hxg5 22.Nxg5 Rad8
23.Qg3 Nxh5 24.Qh4 g6 25.Rd3 Qg7 26.Nxf7 Nxf7 27.Rxd8 Rxd8 28.Qxd8+ Kh7 29.Qe7 Nh6
30.Qxg7+ Kxg7 31.f3 Kf6 32.Kf2 Nf4 33.Rd1 Ke7 34.Rh1 Nh5 35.a5 Kf6 36.Rd1 Ke7
37.Bc4 Nf4 38.Rh1 Nh5 39.b4 a6 40.Ke3 Kd6 41.Bb3 Ke7 42.Kd2 Kd7 43.Kc3 Kd6
44.Rd1+ Ke7 45.Kc4 Nf6 46.Kc5 Nd7+ 47.Rxd7+ Kxd7 48.Kb6 Kc8 49.Be6+ Kb8 50.c3 g5
51.c4 Ka8 52.Kc7 Ka7 53.c5 Ka8 54.Kd6  1-0

[Event "Odorheiu Secuiesc op"]
[Site "Odorheiu Secuiesc"]
[Date "1993.??.??"]
[Round "4"]
[White "Tomescu, Vlad"]
[Black "Radu, Mircea"]
[Result "1-0"]
[WhiteElo "2435"]
[BlackElo "2185"]

1.e4 d6 2.d4 Nf6 3.Nc3 c6 4.f4 Qa5 5.Bd2 e5 6.fxe5 dxe5 7.Nd5 Qd8 8.Nxf6+ Qxf6
9.Nf3 Nd7 10.Bc4 Qe7 11.Ng5 f6 12.Bf7+ Qxf7 13.Nxf7 Kxf7 14.dxe5 Nxe5 15.Bc3 Bg4
16.Qd2 Nc4 17.Qf4 Be6 18.e5 f5 19.g4 g6 20.gxf5 gxf5 21.Qg5 Be7 22.Qh5+ Kf8
23.Rg1 Rd8 24.Qh6+  1-0

[Event "Odorheiu Secuiesc"]
[Site "Odorheiu Secuiesc"]
[Date "1993.??.??"]
[Round "4"]
[White "Sax, Gyula"]
[Black "Nevednichy, Vladislav"]
[Result "1-0"]
[WhiteElo "2570"]
[BlackElo "2495"]

1.e4 d6 2.d4 Nf6 3.Nc3 e5 4.Nge2 c6 5.f3 h5 6.a4 a5 7.Be3 Be7 8.Qd2 Na6 9.Nc1 Nb4
10.Nb3 Be6 11.O-O-O Qb8 12.dxe5 dxe5 13.Nc5 Qc8 14.Qf2 h4 15.b3 Nh7 16.g3 Nf8
17.Be2 Bf6 18.Rhg1 Rb8 19.Rd2 Qc7 20.Rgd1 b6 21.Nxe6 Nxe6 22.Bc4 Nd4 23.f4 Ndxc2
24.Rd7 Qxd7 25.Rxd7 Kxd7 26.fxe5 Nxe3 27.exf6 Nxc4 28.Qf5+ Kc7 29.fxg7 Nd6
30.gxh8=Q Rxh8 31.Qf6 Re8 32.Qxh4 Nd3+ 33.Kc2 Nc5 34.Qh7 b5 35.axb5 cxb5
36.Nd5+ Kc6 37.Nf6 Re6 38.Qh8 b4 39.Qa8+ Kc7 40.Qxa5+ Kb7 41.Qxc5  1-0

[Event "Odorheiu Secuiesc op"]
[Site "Odorheiu Secuiesc"]
[Date "1993.??.??"]
[Round "5"]
[White "Dovzik, Juri"]
[Black "Nevednichy, Boris M"]
[Result "1/2-1/2"]
[WhiteElo "2345"]
[BlackElo "2330"]

1.e4 d6 2.d4 Nf6 3.Nc3 e5 4.Nf3 Nbd7 5.Be2 Be7 6.O-O O-O 7.Re1 c6 8.Bf1 Re8
9.h3 Bf8 10.a3 h6 11.b3 exd4 12.Qxd4 Ne5 13.Qd1 Nxf3+ 14.Qxf3 d5 15.Bb2 dxe4
16.Nxe4 Nxe4 17.Rxe4 Rxe4 18.Qxe4 Qe7 19.Qf3 Be6 20.Re1 Qg5 21.Re5 Qf6 22.Qxf6 gxf6
23.Re3 Bg7 24.Bd3 Kf8 25.g4 Re8 26.a4 b6 27.f4 Bd5 28.Kf2 Rxe3 29.Kxe3 c5
30.h4 h5 31.gxh5 Ke7 32.Bf5 Bh6 33.Bc3 a5 34.Bd2 Kd6 35.Kd3 c4+ 36.bxc4 Bc6
37.Be4 Bxa4 38.f5 Bxd2 39.Kxd2 Ke7 40.Kc3 Kf8 41.c5 bxc5 42.Kc4 Kg7 43.Kxc5 Bd7
44.c4 Kh6 45.Kd6 Bc8 46.Ke7 Ba6 47.Bd5 a4 48.Bxf7 a3 49.c5 Bd3 50.Kd6 Bxf5
51.c6 Bc8 52.c7 f5 53.Ke5 Kg7 54.Be6 f4 55.Kd6  1/2-1/2

[Event "Odorheiu Secuiesc op"]
[Site "Odorheiu Secuiesc"]
[Date "1993.??.??"]
[Round "8"]
[White "Bartha, Andrei"]
[Black "Radu, Mircea"]
[Result "1/2-1/2"]
[WhiteElo "2205"]
[BlackElo "2185"]

1.e4 d6 2.d4 Nf6 3.Nc3 c6 4.a4 e5 5.Nf3 Nbd7 6.Be2 Be7 7.O-O O-O 8.Re1 Re8
9.Bc4 h6 10.Bb3 Bf8 11.dxe5 dxe5 12.Qd3 Qc7 13.Be3 Ng4 14.Qc4 Nb6 15.Nd5 Nxd5
16.exd5 e4 17.h3 Nf6 18.Nd2 Nxd5 19.Nxe4 Nxe3 20.Rxe3 Be6 21.Qc3 a5 22.Bxe6 Rxe6
23.Qc4 Rae8 24.Rae1 Qf4 25.Nd2 Qxc4 26.Nxc4 Rxe3 27.Rxe3 Ra8 28.Rb3 b5 29.Nb6 bxa4
30.Nxa4 Rd8 31.Rc3 Rd1+ 32.Kh2 Rd6 33.g3 g6 34.Kg2 Be7 35.Kf3 Rf6+ 36.Ke2 Bb4
37.Re3 Rf5 38.Re8+ Kg7 39.c3 Bf8 40.f3 h5 41.Rc8 Re5+ 42.Kf2 Re6 43.Ra8 h4
44.gxh4 Be7 45.f4 Re4 46.Rxa5 Rxf4+ 47.Kg3 Re4 48.b4 Bd6+ 49.Kg2 Re2+ 50.Kg1 Re3
51.h5 Rg3+ 52.Kf2 g5 53.Rf5 f6 54.h4 gxh4 55.h6+ Kxh6 56.Rxf6+ Rg6 57.Rxg6+ Kxg6
58.Nb6 Be5 59.Na4 Bg3+ 60.Kf3 Be1 61.Kg4 Kf6 62.Nc5 Ke7 63.c4 Bxb4 64.Nd3  1/2-1/2

[Event "Odorheiu Secuiesc op"]
[Site "Odorheiu Secuiesc"]
[Date "1993.??.??"]
[Round "8"]
[White "Tomescu, Vlad"]
[Black "Ciobanu, Aurelian"]
[Result "1-0"]
[WhiteElo "2435"]
[BlackElo "2265"]

1.e4 d6 2.d4 Nf6 3.Nc3 c6 4.f4 Qa5 5.Bd2 Qb6 6.Nf3 Bg4 7.Bd3 e5 8.dxe5 dxe5
9.fxe5 Nfd7 10.e6 fxe6 11.h3 Bd6 12.Qe2 Bg3+ 13.Kd1 Bh5 14.Bc4 Ne5 15.Bxe6 Na6
16.Kc1 Nc5 17.Be3 Qa5 18.Bb3 O-O-O 19.a3 Rhf8 20.Rf1 Rf6 21.Kb1 Rdf8 22.Ka2 Nxf3
23.gxf3 Bxf3 24.Qc4 Nd7 25.Rg1 Rg6 26.Raf1 h5 27.Nd5 Ne5 28.Ne7+ Kd8 29.Nxg6 Nxc4
30.Bxc4 Rf6 31.Rxg3 Bxe4 32.Bg5 b5 33.Bb3 c5 34.c4 bxc4 35.Bxc4 Qc7  1-0

[Event "Odorheiu Secuiesc-B"]
[Site "Odorheiu Secuiesc"]
[Date "1993.??.??"]
[Round "9"]
[White "Potterat, Marc"]
[Black "Komliakov, Viktor"]
[Result "0-1"]
[WhiteElo "2185"]
[BlackElo "2440"]

1.d4 d6 2.e4 Nf6 3.Nc3 c6 4.f4 Qa5 5.Bd2 Qb6 6.e5 Nd5 7.Nxd5 cxd5 8.Bc3 Bf5
9.Ne2 e6 10.Ng3 Bg6 11.h4 h5 12.Bd3 Bxd3 13.Qxd3 g6 14.Qf3 Nc6 15.Ne2 O-O-O
16.a3 Kb8 17.Qf2 Rc8 18.O-O Ne7 19.Ng3 dxe5 20.fxe5 Nf5 21.Nxf5 gxf5 22.Kh2 Rg8
23.Rfd1 Rg4 24.Bb4 Bxb4 25.axb4 Qxb4 26.c3 Qe7 27.Kh3 f4 28.Rd3 Rcg8  0-1

[Event "Ostrava"]
[Site "Ostrava"]
[Date "1993.??.??"]
[Round "?"]
[White "Keitlinghaus, Ludger"]
[Black "Vokac, Marek"]
[Result "1-0"]
[WhiteElo "2485"]
[BlackElo "2465"]

1.e4 d6 2.d4 Nf6 3.Nc3 c6 4.f4 Qa5 5.Bd3 e5 6.Nf3 Nbd7 7.O-O Be7 8.Kh1 O-O
9.Be3 Ng4 10.Bd2 exd4 11.Nxd4 Nc5 12.Be2 Nf6 13.Bf3 Qb6 14.Nb3 Ncd7 15.Qe2 Re8
16.Be3 Qc7 17.a4 Bf8 18.a5 Kh8 19.Qf2 Qb8 20.Rad1 Qc7 21.Ra1 Qb8 22.Rfd1 c5
23.h3 Qc7 24.Nd2 a6 25.Nc4 Rb8 26.Rab1 b5 27.axb6 Nxb6 28.Nxd6 Bxd6 29.e5 Bf8
30.exf6 gxf6 31.b3 Bb7 32.Bxb7 Rxb7 33.Nd5 Nxd5 34.Rxd5 c4 35.Bd4 Qc6 36.Qh4 Bg7
37.Rc5 Qe6 38.f5 Qe2 39.Rxc4 Rd7 40.c3 Qc2 41.Re1 Rdd8 42.b4 Qxf5 43.Rc5 Qd3
44.Qf2 h6 45.Kh2 Kg8 46.Rxe8+ Rxe8 47.Qg3 Qf1 48.Qf3 Qxf3 49.gxf3 f5 50.Bxg7 Kxg7
51.Kg3 Re3 52.Kf4 Rd3 53.Rc6 h5 54.h4 f6 55.Kg3 Kg6 56.Rc7 Re3 57.c4 Rc3
58.Rc6 Kf7 59.b5 axb5 60.cxb5 Rb3 61.b6 Kg6 62.Rd6 Rb4 63.Rc6 f4+ 64.Kf2 Rb2+
65.Ke1 Rb3 66.Kd2 Rxf3 67.Rc3 Rf2+ 68.Kc1 Rf1+ 69.Kb2 f3 70.b7 f2 71.b8=Q Rb1+
72.Kxb1 f1=Q+  1-0

[Event "Oviedo rapid"]
[Site "Oviedo"]
[Date "1993.??.??"]
[Round "4"]
[White "Yakovich, Yuri"]
[Black "Malaniuk, Vladimir P"]
[Result "1/2-1/2"]
[WhiteElo "2525"]
[BlackElo "2635"]

1.e4 d6 2.d4 Nf6 3.Nc3 e5 4.Nf3 Nbd7 5.Bc4 Be7 6.O-O O-O 7.Re1 c6 8.a4 Qc7
9.h3 b6 10.Bg5 a6 11.d5 Bb7 12.dxc6 Bxc6 13.Nd2 h6 14.Be3 Qb7 15.Qe2 Rfc8
16.Rad1 b5 17.axb5 axb5 18.Nxb5 Bxb5 19.Bxb5 Rxc2 20.b3 Raa2 21.Qd3 Qc7 22.Bc4 Nb6
23.Rc1 Rxc1 24.Rxc1 Nxc4 25.Nxc4 Qb7 26.Nxd6 Bxd6 27.Qxd6 Qxe4 28.Rc5 Qb1+
29.Kh2 Qxb3 30.Rxe5 Kh7  1/2-1/2

[Event "Oviedo rapid"]
[Site "Oviedo"]
[Date "1993.??.??"]
[Round "7"]
[White "Oll, Lembit"]
[Black "Franco Ocampo, Zenon"]
[Result "1-0"]
[WhiteElo "2595"]
[BlackElo "2480"]

1.e4 d6 2.d4 Nf6 3.Nc3 e5 4.Nf3 Nbd7 5.Bc4 Be7 6.O-O O-O 7.h3 c6 8.a4 b6
9.Be3 a6 10.d5 c5 11.Nd2 Ne8 12.Be2 Bg5 13.Bxg5 Qxg5 14.Nc4 Rb8 15.Qc1 Qe7
16.Qe3 g6 17.Rab1 Ng7 18.b4 f5 19.bxc5 bxc5 20.Rxb8 f4 21.Rxc8 fxe3 22.Rxf8+ Nxf8
23.Nxe3 Qc7 24.Nc4 Nh5 25.g3 Nd7 26.Rb1 Nhf6 27.a5  1-0

[Event "Oviedo rapid"]
[Site "Oviedo"]
[Date "1993.??.??"]
[Round "9"]
[White "Wells, Peter K"]
[Black "Gonzalez, JC."]
[Result "1-0"]
[WhiteElo "2455"]
[BlackElo "2465"]

1.e4 d6 2.d4 Nf6 3.Nc3 Nbd7 4.f4 e5 5.Nf3 exd4 6.Qxd4 Nc5 7.Bc4 Be6 8.O-O Be7
9.Bxe6 Nxe6 10.Qc4 c6 11.Ng5 Qb6+ 12.Kh1 Qd4 13.Qe2 Nxg5 14.Be3 Qb4 15.fxg5 Nd7
16.a3 Qa5 17.Rf5 Ne5 18.Raf1 O-O 19.Bd4 f6 20.Bxe5 fxe5 21.Qc4+ Kh8 22.g6 Rxf5
23.Rxf5 Rf8 24.gxh7 Qd8 25.Qe6 Rf6 26.Rxf6 Bxf6 27.Qf5 d5 28.exd5 cxd5 29.g4 d4
30.Ne4 d3 31.cxd3 Qxd3 32.Qc8+ Bd8 33.Qf5 Bf6 34.g5  1-0